Al-Fuyudat-Ur-Rabbaniyya Fi Maathir-Il-Qadiriyya (Record no. 3499)

MARC details
000 -LEADER
fixed length control field 00598nam a2200241 a 4500
020 ## - INTERNATIONAL STANDARD BOOK NUMBER
ISBN
082 00 - DEWEY DECIMAL CLASSIFICATION NUMBER
Classification number 297.4
Author Cutter ISM
100 ## - MAIN ENTRY--AUTHOR NAME
Author name Ismail-Al-Qadri,
245 ## - TITLE STATEMENT
Title Al-Fuyudat-Ur-Rabbaniyya Fi Maathir-Il-Qadiriyya
260 ## - PUBLICATION, DISTRIBUTION, ETC. (IMPRINT)
Place of publication Egypt
Name of publisher Maktaba-E-ilmia
Year of publication 1879
300 ## - PHYSICAL DESCRIPTION
Number of Pages 256p
500 ## - GENERAL NOTE
General note includes index and biblioraphy
505 2# - FORMATTED CONTENTS NOTE
Formatted contents note resereved
650 ## - SUBJECT ADDED ENTRY--TOPICAL TERM
Topical Term Sufism-Qadriyah
942 ## - ADDED ENTRY ELEMENTS (KOHA)
Koha item type Books
700 1# -
-- Ismail-Al-Qadri,
Holdings
Home library Current library Date acquired Cost, normal purchase price Full call number Accession Number Koha item type
Henry Martyn Institute Library Henry Martyn Institute Library 09/12/2007 100.00 297.4 ISM 06929 E-Books
                   Copyright © 2026 | Henry Martyn Institute | Hyderabad | TS-500052 | INDIA | Implemented by hmi.edu.in
Hit-Count:

Powered by Koha